000 00840cam a2200265 4500
001 J2335
008 090401t1994 xxu||||| |||| 00| 0 eng d
035 _a(Sirsi) u48459
041 _aeng
050 _a692.8
090 _aJCT 1994/12A
110 _aJoint Contracts Tribunal
_93664
245 _aIntermediate Form of Building Contract for works of simple content 1984 edition ... amendment TC/94/IFC issued April 1994.
260 _aLondon
_bRIBA Publications Ltd.
_c1994
300 _a8p. ; 30cm.
350 _a0.4
650 _aBUILT ENVIRONMENT-BUILDING CONTRACT FORMS
650 _aInsurance
_96249
650 _aJCT INTERMEDIATE FORM OF BUILDING CONTRACT (1984 EDITION)
650 _aTERRORISM COVER
650 _aTERRORISM
690 _aBUILT ENVIRONMENT-BUILDING CONTRACT FORMS
942 _n0
948 _c04/03/1997
999 _c92342
_d92342